|
|
|
|
| LEADER |
00000caa a22000002c 4500 |
| 001 |
1636710050 |
| 003 |
DE-627 |
| 005 |
20220608113201.0 |
| 007 |
tu |
| 008 |
160405s1994 xx ||||| 00| ||eng c |
| 035 |
|
|
|a (DE-627)1636710050
|
| 035 |
|
|
|a (DE-576)464264367
|
| 035 |
|
|
|a (DE-599)BSZ464264367
|
| 040 |
|
|
|a DE-627
|b ger
|c DE-627
|e rakwb
|
| 041 |
|
|
|a eng
|
| 084 |
|
|
|a 0
|2 ssgn
|
| 100 |
1 |
|
|a Fog, Frank G.
|4 aut
|
| 245 |
1 |
0 |
|a Soteriology and Meditation of the Pali Canon in the Socio-Religious Context of Early Buddhism
|
| 264 |
|
1 |
|c 1994
|
| 336 |
|
|
|a Text
|b txt
|2 rdacontent
|
| 337 |
|
|
|a ohne Hilfsmittel zu benutzen
|b n
|2 rdamedia
|
| 338 |
|
|
|a Band
|b nc
|2 rdacarrier
|
| 601 |
|
|
|a Soteriologie
|
| 652 |
|
|
|a BL
|
| 773 |
0 |
8 |
|i In
|t Temenos
|d Helsinki : [Verlag nicht ermittelbar], 1965
|g 30(1994), Seite 35
|w (DE-627)129480177
|w (DE-600)204262-9
|w (DE-576)014862522
|x 0497-1817
|7 nnas
|
| 773 |
1 |
8 |
|g volume:30
|g year:1994
|g pages:35
|
| 776 |
|
|
|i Erscheint auch als
|n elektronische Ausgabe
|w (DE-627)1847101453
|k Electronic
|
| 935 |
|
|
|a mteo
|
| 951 |
|
|
|a AR
|
| ELC |
|
|
|b 1
|
| ITA |
|
|
|a 1
|t 1
|
| LOK |
|
|
|0 000 xxxxxcx a22 zn 4500
|
| LOK |
|
|
|0 001 329434371X
|
| LOK |
|
|
|0 003 DE-627
|
| LOK |
|
|
|0 004 1636710050
|
| LOK |
|
|
|0 005 20160405111753
|
| LOK |
|
|
|0 008 160404||||||||||||||||ger|||||||
|
| LOK |
|
|
|0 040
|a DE-Tue135
|c DE-627
|d DE-Tue135
|
| LOK |
|
|
|0 092
|o n
|
| LOK |
|
|
|0 852
|a DE-Tue135
|
| LOK |
|
|
|0 852 1
|9 00
|
| LOK |
|
|
|0 935
|a ixzs
|a ixmi
|
| LOK |
|
|
|0 936ln
|0 1442043644
|a BL
|
| LOK |
|
|
|0 939
|a 04-04-16
|b l01
|
| ORI |
|
|
|a SA-MARC-ixtheoa001.raw
|
| REL |
|
|
|a 1
|
| SUB |
|
|
|a REL
|